Diskretnaja matematika dlja inženera /

Uloženo v:
Podrobná bibliografie
Hlavní autor: Kuznecov, Oleg Petrovič
Další autoři: Adeľson-Veľskij, Georgij Maksimovič
Médium: Kniha
Jazyk:ruština
Vydáno: Moskva : Energija, 1980
On-line přístup: Získat plný text
Tagy: Přidat tag
Žádné tagy, Buďte první, kdo vytvoří štítek k tomuto záznamu!

MARC

LEADER 00000nam a2200000 4500
003 SK-BrCVT
005 20220617204126.0
008 020701s1980 rur e ||||||rus d
035 |a CVTIDW0963652 
040 |b slo  |a CVTI SR 
041 0 |a rus 
044 |a rur 
080 |a 681.5:51  |2 UDC-MRF 
080 |a 519.852  |2 UDC-MRF 
100 1 |a Kuznecov, Oleg Petrovič 
242 1 0 |a Diskrétna matematika pre inžinierov 
245 1 0 |a Diskretnaja matematika dlja inženera /  |c Oleg Petrovič Kuznecov, Georgij Maksimovič Adeľson-Veľskij 
260 |a Moskva :  |b Energija,  |c 1980 
300 |a 340 s. 
692 |a ZH JM MM 
700 1 |a Adeľson-Veľskij, Georgij Maksimovič 
910 |b A411498  |b A390050 
974 |f Knihy 
992 |a APP 
999 |c 117444  |d 117444